| Поле | Инд. | ПП | Название | Значение |
|---|---|---|---|---|
| Тип записи | a | |||
| Библиографический уровень | m | |||
| 001 | Контрольный номер | c2490f0a-a18e-43de-82ee-98169d4e89e8 | ||
| 005 | Дата корректировки | 20140123115603.2 | ||
| 008 | Кодируемые данные | 990212 d | ||
| 020 | a | ISBN | 5-02-015167-X | |
| c | Цена, тираж | 56.43 | ||
| 040 | a | Служба первич. каталог. | НБ ТвГУ | |
| 041 | a | Код языка текста | rus | |
| 080 | a | Индекс УДК | 52 | |
| 084 | a | Индекс другой классификации/Индекс ББК | В6 | |
| 090 | a | Полочн. индекс | В6 | |
| x | Авторский знак | П87 | ||
| c | Каталожный индекс | В6 | ||
| 100 | 1_ | a | Автор | Птолемей Клавдий |
| q | Полное имя | Клавдий Птолемей | ||
| 245 | 00 | a | Заглавие | Альмагест или Математическое сочинение в тринадцати книгах |
| c | Ответственность | пер. с древнегреч. И. Н. Веселовского ; [науч. ред. Г. Е. Куртик] ; РАН, Ин-т истории естествознания и техники | ||
| c | Ответственность | Ин-т истории естествознания и техники | ||
| 260 | 0_ | a | Место издания | Москва |
| b | Издательство | Наука | ||
| b | Издательство | Физматлит | ||
| c | Дата издания | 1998 | ||
| 300 | a | Объем | 671 с. | |
| b | Иллюстрации/ тип воспроизводства | ил., портр., табл. | ||
| 504 | a | Библиография | Библиогр.: с. 644-654 | |
| 504 | a | Библиография | Предм.-имен. указ.: с. 657-667 | |
| 583 | a | Действие | Получение впервые 576 01.12.98 | |
| k | Исполнитель действия | Дар РГГУ | ||
| 653 | a | Ключевые слова | Альмагест | |
| a | Ключевые слова | Античная астрономия | ||
| a | Ключевые слова | Астрономия | ||
| 700 | 1_ | a | Другие авторы | Куртик Геннадий Евсеевич |
| e | Роль лиц | науч. ред. | ||
| 700 | 1_ | a | Другие авторы | Амбарцумян Виктор Амазаспович |
| e | Роль лиц | отв. ред. | ||
| 700 | 1_ | a | Другие авторы | Веселовский И. Н. |
| e | Роль лиц | пер. | ||
| 888 | a | Бесплатные | ||
| 901 | t | Тип документа | m | |
| 920 | a | Оператор | Рунт | |
| 952 | c | Вид литературы | К рн | |
| p | 576.98 56.43 1 702709 | |||
| 954 | a | Дата поступления на обработку | 19981203 |